Obopnúť veršom každé srdce Hovorí zaslúžilá umelkyňa, poetka Štefánia Pártošová

Bibliographic Details
Main Authors: Sadloňová, Marianna (Author), Pártošová, Štefánia, 1913-1987 (Author)
Other Authors: Mešková, Elena (gup)
Format: Article
Language:Slovak
PhysicalDescription:Fot. 3.
Subjects:

MARC

LEADER 00000nab a2200000 a 4500
001 vtls000252330
003 SK-MaSNL
005 20260303220046.0
008 160215c1986 xo 0 slo
015 |a SNBRB19rr/mm-uuuuu 
035 |a CL0262444 
040 |a SNKBUCL  |b slo  |c SNKBUCL  |e AACR2 
041 0 |a slo 
044 |a xo  |c SK 
080 |a 82:929:885.4  |2 1981 
080 |a 929  |2 1981 
080 |a 885.4  |2 1981 
100 1 |a Sadloňová, Marianna  |4 aut  |9 268490 
245 1 0 |a Obopnúť veršom každé srdce  |b Hovorí zaslúžilá umelkyňa, poetka Štefánia Pártošová  |c Marianna Sadloňová 
300 |b Fot. 3. 
600 1 7 |a Pártošová, Štefánia,  |d 1913-1987  |2 snkbucl  |9 116416 
655 7 |a články z novín a časopisov  |2 snkbucl  |9 267496 
655 7 |a články z odboru literárna veda a krásna literatúra  |2 snkbucl  |9 770045 
700 1 |a Pártošová, Štefánia,  |d 1913-1987  |4 aut  |9 116416 
700 1 |a Mešková, Elena  |4 gup  |9 5093 
773 0 |t Slovenka  |g Roč. 38, č. 25 (1986), s. 10-11 
850 |a Slovenská národná knižnica v Martine  |a MTA001 
852 |a SNK  |b KIS3GCP 
958 |a BX 
958 |a RK 
958 |a LX 
992 |a RBX 
999 |c 2224913  |d 2226843